Famous Actors by Doctor Who Appearances - Statistics

General Stats
  • This quiz has been taken 7 times
  • The average score is 5 of 16
Answer Stats
Picture Answer % Correct
Kylie Minogue
86%
John Cleese
71%
Diana Rigg
43%
Martin Jarvis
43%
Pauline Collins
43%
Fulton Mackay
29%
Geoffrey Palmer
29%
Jean Marsh
29%
Joanna Page
29%
John Challis
29%
June Brown
29%
Julian Glover
14%
Peter Sallis
14%
Rudolph Walker
14%
Windsor Davies
14%
Brigit Forsyth
0%
No matching quizzes found
Score Distribution
Percent of People with Each Score
Percentile by Number Answered
Your Score History
You have not taken this quiz